Medical world of the tribals: (Record no. 28483)

000 -LEADER
fixed length control field 00426nam a22001451a 4500
020 ## - INTERNATIONAL STANDARD BOOK NUMBER
ISBN 9788171414086
082 ## - DEWEY DECIMAL CLASSIFICATION NUMBER
Classification number 615.5
Item number ROB/M
100 ## - MAIN ENTRY--AUTHOR NAME
Personal name Robin D Tribhuwan
245 ## - TITLE STATEMENT
Title Medical world of the tribals:
Sub Title explorations in illness ideology body sympolism and ritual healing/
Statement of responsibility, etc by Robin D Tribhuwan
260 ## - PUBLICATION, DISTRIBUTION, ETC. (IMPRINT)
Place of publication New Delhi:
Name of publisher Discovery,
Year of publication 1998.
300 ## - PHYSICAL DESCRIPTION
Number of Pages 334p.
650 ## - SUBJECT ADDED ENTRY--TOPICAL TERM
Topical Term Therapeutic
650 ## - SUBJECT ADDED ENTRY--TOPICAL TERM
Topical Term Medicine
942 ## - ADDED ENTRY ELEMENTS (KOHA)
Koha item type Book
Holdings
Withdrawn status Lost status Damaged status Not for loan Permanent Location Current Location Date acquired Cost, normal purchase price Full call number Accession Number Cost, replacement price Price effective from Koha item type
        Sree Sankaracharya University of Sanskrit Sree Sankaracharya University of Sanskrit 08.01.2015 600.00 615.5 ROB/M 028569 0.00 08.01.2015 Book
        Sree Sankaracharya University of Sanskrit Sree Sankaracharya University of Sanskrit 08.01.2015 600.00 615.5 ROB/M 010097 0.00 08.01.2015 Book